| 000 | 02077nam a2200397 c 4500 | ||
|---|---|---|---|
| 003 | BLK | ||
| 005 | 20241203114507.0 | ||
| 008 | 180410b bul|||||r ||||||| ||bul|| | ||
| 010 | _aKNG00161968000 | ||
| 020 |
_a978-954-345-066-4 _bиздат.: Распер |
||
| 040 | _aBLK | ||
| 041 |
_aBUL _cBUL |
||
| 072 | 7 |
_2bullib _aН61 _xМедицина Н |
|
| 080 |
_aНародна медицина. Лечение с домашни средства _b615.89 _x(02.062) _z615.89(02.062) |
||
| 080 |
_aДруги храни. Синтетични хранителни продукти - Подправки, билки, лечебни и укрепващи, тонизиращи, стимулиращи, обогатени храни;Хигиенно значение на кулинарната обработка на храните. Вж и 615. 2 _b613.29 _x(02.062) _z613.29(02.062) |
||
| 080 |
_aМинерални хранителни продукти - Готварска сол и др. _b664.4 _x.004(02.062) _z664.4.004(02.062) |
||
| 700 | 1 |
_aТодорова, Росица Митева _9367667 |
|
| 700 | 1 |
_aГригоров, Пламен _eподб. и прев. _gТодоров, Пламен Григоров _9366794 |
|
| 139 |
_aБялата магия на солта _bБ 99 |
||
| 245 | 1 | 0 |
_aБялата магия на солта _cподб. и прев. Росица Митева Тодорова; подб. и прев. Пламен Григоров. |
| 257 | _aSB | ||
| 260 |
_аСофия _bРаспер _c2014 |
||
| 300 |
_a84 с. _c22 см |
||
| 380 | _a61 | ||
| 650 | 4 |
_aНародна медицина - популярна литература _9303496 |
|
| 650 | 4 |
_aСол - лечебно действие _9291436 |
|
| 653 | _aсол | ||
| 653 | _aнародна медицина | ||
| 659 | _aН | ||
| 852 | _aЦб 269340 | ||
| 856 | 4 |
_qpdf _u |
|
| 856 | 4 |
_qpdf _u |
|
| 942 |
_cKNG _n0 _07 |
||
| 944 |
_aCR _c12.06.2014 _lЦветелина Шанова _k30531 |
||
| 944 |
_aED _c12.11.2015 _lф / _kПенка_Димитрова |
||
| 999 |
_c155294 _d155294 |
||